=LDR 00000nam 2200000 4500 =001 INLIS000000000045771 =005 20150210083518.0 =006 =007 =008 =020 ##$$a 979-533-926-5 =035 ##$$0010-021500000000331 =040 ##$$a NBPDMAT =082 ##$$a 620.004 6 =090 ##$$a 620.004 6 $b Pan p =245 ##$$a Panduan Aplikasi Rancang Bangun Elemen Mesin dengan Autodeks $b Mechanical Dekstop 6.0 =260 ##$$a Yogyakarta $b Andi $c 2009 =300 ##$$a 429 hlm $b ilus $c 23 cm =650 ##$$a Teknik Gambar Autodesk =850 ##$$a NBPDMAT =990 ##$$a 0001/BPAP-NTB/20142015 =990 ##$$a 0001/BPAP-NTB/20142015 =990 ##$$a 0001/BPAP-NTB/20142015 =990 ##$$a 0001/BPAP-NTB/20142015